000 00907nas a2200277 4500
001 BR8401500
003 BR-BrBNA
005 20231205085836.0
007 ta
008 230509b bl.|||p| |||| 00| 00por d
040 _aBR-BrBNA
_bpor
_cBiblioteca Nacional de Agricultura
041 _a(Pt)
072 _aL73
100 1 _aMaia, P.C.C.
100 1 _aNascimento, E.F. do
100 1 _aChquiloff, M.A. de G.
245 1 _aAlteracoes testiculares e epididimarias em bovinos, 3: orquite e epididimite
246 1 _aTesticular and epididymal alterations in bulls, 3: orchitis and epididymitis
650 _aBOVINO
650 _aORQUITE
650 _aEPIDIDIMITE
650 _aTESTICULO
773 0 _tArquivo Brasileiro de Medicina Veterinaria e Zootecnia (Brazil)
_xISSN 0365-8384
_g(Jun 1983), v. 35(3) p. 373-379
_wBR8401500
909 _a202311
_bLúcia
_c55
_dLúcia Elande
942 _2AGRIS
_n0
_cANA
999 _c114213
_d114213